Normal view
MARC view
Entry Personal Name
001 - CONTROL NUMBER
- control field: 53950
003 - CONTROL NUMBER IDENTIFIER
- control field: OSt
005 - DATE AND TIME OF LATEST TRANSACTION
- control field: 20160424164405.0
008 - FIXED-LENGTH DATA ELEMENTS
- fixed length control field: 160424|| aca||aabn | a|a d
040 ## - CATALOGING SOURCE
- Original cataloging agency: OSt
- Transcribing agency: OSt
100 ## - HEADING--PERSONAL NAME
- Personal name: डॉ सतीश चन्द्र अग्रवाल
670 ## - SOURCE DATA FOUND
- Source citation: Work cat.: (OSt)10853: डॉ सतीश चन्द्र अग्रवाल, मॉरिशसीय हिन्दी भाषा और साहित्य , 2005









